00480nam a22001457a 450000500170000000800410001702000180005804100120007608200150008810000260010324501170012926000340024630000290028065000250030920231110070145.0231110b |||||||| |||| 00| 0 eng d a9780409052251 aEnglish a346.1 SCH  aSchafer, L lEnglish  aThe Law of Access to Children : bA Comparative Study of South African English and Australian Law / cL Schafer  aDurban : bLexisNexis, c2007 bxi, 209 pages ; c25 cm. aLegal practice bLaw